000 00537nam a2200229Ia 4500
008 210210b2009 xxu||||| |||| 00| 0 eng d
020 _a9780143067078
041 _aeng
082 _a820.43 NILI
100 _aNILEKANI (Nandan)
245 _aImagining india: ideas for the new century
260 _a
_bPenguin Books
_c2009
300 _a531
650 _athe
650 _anew
650 _aindia:ideas
650 _aImagining
650 _afor
650 _acentury.
690 _aIndian English Prose
906 _a064448
999 _c140632
_d140632